00839nam a22002417a 450000500170000001000130001702000230003003500130005303700160006604000120008208200180009410000250011224500560013726000490019327000460024230000230028850000510031165000310036265000240039394200270041799900190044495201340046320170124110222.0 aA-943799 c700.00a8170249805 aA-943799 bCen Lib/Ret aDPLbEN a364.1323bCHI aChitkara, M.G.92223 aConsumer, crime and corruption /cby M.G. Chitkara  aNew DelhibAPH publishing corporation c1998 bLondona5, Ansari road, Daryaganje110002 axv,373p.c22cm(Hb) aIncludes bibliographical references and index  aPolitical corruption95961 aCriminology 939995 2ddccENh364.1323mCHI c134173d134173 001040718REFaLbLd2015-07-29eCen Lib/Retg700.00l0o364.1323 CHIpA-943799r2015-07-29 00:00:00t1v700.00w2015-07-29yEN